000
00246nam a2200097Ia 4500
008
190216s9999||||xx |||||||||||||| ||und||
100
_a
Ealam Kulam Kunjan Pilla
245
0
_a
Chera Samrajyam 9 Um 10 Um Nootandukalil
260
_b
Null
942
_c
BK
999
_c
18594
_d
18594